| 000 | 01836cam a22003015a 4500 | ||
|---|---|---|---|
| 001 | 18739855 | ||
| 005 | 20161225110647.0 | ||
| 008 | 150810t2016 moua frbd 001 0 eng d | ||
| 020 | _a9780323320924 | ||
| 020 | _a0323320929 | ||
| 040 |
_aDNLM/DLC _beng _cDLC _dDLC _dEG-ScBUE |
||
| 082 | 0 | 4 |
_a616.9041 _222 _bVAN |
| 100 | 1 | _aVanMeter, Karin. | |
| 245 | 1 | 0 |
_aMicrobiology for the healthcare professional / _cKarin C. VanMeter, Robert J. Hubert. |
| 250 | _a2nd ed. | ||
| 260 |
_aSt. Louis : _bElsevier, _cc.2016. |
||
| 300 |
_aviii, 532 p. : _bill. ; _c28 cm. |
||
| 500 | _aGlossary : p. 493-508. | ||
| 500 | _aIndex : p. 509-532. | ||
| 504 | _aIncludes bibliographical references. | ||
| 505 | 0 | _aScope of microbiology -- Chemistry of life -- Cell structure and function -- Bacteria and archaea -- Viruses -- Eukaryotic microorganisms -- Physical and chemical methods of control -- Microbiological laboratory techniques -- Microbiological laboratory safety issues -- Pharmacology -- Antimicrobial drugs -- Infection and disease -- The immune response and lymphatic system -- Infections of the integumentary system, soft tissue, and musculoskeletal system -- Infections of the respiratory system -- Infections of the gastrointestinal system -- Infections of the nervous system and sensory structures senses -- Infections of the cardiovascular/ circulatory system -- Infections of the urinary system -- Infections of the reproductive system -- Sexually transmitted infections/diseases -- Human age and microorganisms -- Microorganisms in the environment and effects on human health -- Emerging infectious diseases -- Biotechnology. | |
| 650 | 7 |
_aMedical microbiology. _2BUEsh _912324 |
|
| 650 | 7 |
_aMicrobiology. _923968 _2BUEsh |
|
| 651 | _2BUEsh | ||
| 653 |
_bNNUR _cDecember2016 |
||
| 700 | 1 | _aHubert, Robert J. | |
| 942 | _2ddc | ||
| 999 |
_c23723 _d23695 |
||